| Tag |
First Indicator |
Second Indicator |
Subfields |
| LEADER |
00000cam a2200000 4500 |
| 001 |
in00000321721 |
| 005 |
20151010164521.0 |
| 008 |
701005s1970 ilu b 00010 eng |
| 010 |
|
|
|a 74103588
|
| 035 |
|
|
|a (OCoLC)00096618
|
| 035 |
|
|
|9 ABJ8316AM
|
| 040 |
|
|
|a DLC
|c DLC
|d TXA
|d UtOrBLW
|
| 049 |
|
|
|a TXAM
|c [1022467]
|
| 050 |
|
0 |
|a B131
|b .S547
|
| 082 |
0 |
|
|a 181/.4
|
| 100 |
1 |
|
|a Sinari, Ramakant A.,
|d 1930-
|
| 245 |
1 |
4 |
|a The structure of Indian thought /
|c by Ramakant A. Sinari.
|
| 264 |
|
1 |
|a Springfield, Ill. :
|b C.C. Thomas,
|c [1970]
|
| 300 |
|
|
|a xi, 274 pages ;
|c 24 cm.
|
| 336 |
|
|
|a text
|b txt
|2 rdacontent
|
| 337 |
|
|
|a unmediated
|b n
|2 rdamedia
|
| 338 |
|
|
|a volume
|b nc
|2 rdacarrier
|
| 490 |
1 |
|
|a American lecture series. Publication no. 778. A monograph in the Bannerstone division of American lectures in philosophy
|
| 504 |
|
|
|a Includes bibliographical references.
|
| 650 |
|
0 |
|a Philosophy, Indic.
|
| 830 |
|
0 |
|a American lecture series ;
|v publication no. 778.
|
| 830 |
|
0 |
|a American lecture series.
|p American lectures in philosophy.
|
| 999 |
|
|
|a MARS
|
| 999 |
f |
f |
|s 325e3ac8-4cd6-3f28-b5cd-9d239c0789ac
|i b6a4e540-5e5b-3247-a323-3793ac596b34
|t 0
|
| 952 |
f |
f |
|p ric
|a Texas A&M University
|b Rellis Campus
|c Joint Library Facility
|d Remote Storage
|t 0
|e B131 .S547
|h Library of Congress classification
|i unmediated -- volume
|m A14801588993
|
| 998 |
f |
f |
|a B131 .S547
|t 0
|l Remote Storage
|